01098cam a2200313 a 4500999001500000001000900015003000400024005001700028008004100045010001700086020004400103040001800147050002200165082002200187100002900209245005400238246002700292250004000319260004400359300004700403500006400450504006400514650003300578650003600611650002800647650002200675906004500697942004200742 c6571d657112818312OSt20200120160713.0020614s2003 maua b 001 0 eng  a 2001133322 a061819150X (Instructor's annotated ed.) aDLCcDLCdDLC00aHD30.3b.O26 200300a658.45221bOBE/C aOber, Scot d1946-9131910aContemporary business communication /cScot Ober.30aBusiness communication a5th ed., instructor's annotated ed. aBoston :bHoughton Mifflin Co.,cc2003. axxiv, 690 p. :bill. (some col.) ;c26 cm. aMulti-media materials are available to supplement the text. aIncludes bibliographical references (p. 642-646) and index. 0aCommunication in management. 0aCommunication in organizations. 0aBusiness communication. 0aBusiness writing. a7bcbccorigcopd2encipf20gy-gencatlg 2ddccBKh658.45iOBE/Ck658.45mOBE/C